Uma volta pela cidade (Registo nº 201805)

Detalhes MARC
000 -Etiqueta do registo
Valores 00581nam 22001933 4500
010 ## - Número ISBN
ISBN 972-42-0931-8
021 ## - Número do Depósito Legal
Número 79670/94
100 ## - Dados gerais de processamento
Dados gerais 20260416d u||y0pory50 ba
200 ## - Titulo e menção de responsabilidade
Título próprio Uma volta pela cidade
Primeira menção de responsabilidade Mary Higgins Clark
Outras menções de responsabilidade tradução de Luís Dionisio
210 ## - Publicação
Local de publicação Lisboa
Nome do editor Circulo de Leitores
Data de publicação 1994
215 ## - Descrição física 
Paginação / Volumes 268,[1] p.
Outras indicações físicas encadernado
Dimensões 20 cm
606 ## - Nome comum usado como assunto
ID Autoridade 16
Palavra de ordem Literatura Americana
675 ## - CDU
Notação 821.111(73)-3
Edição PT
Língua por
700 ## - Autor principal (pessoa individual)
ID Autoridade 446
Apelido Clark
Nome Mary Higgins
Datas 1927-2020
801 ## - Fonte de origem
País PT
Agência BMMN
Regras de catalogação RPC
830 ## - Notas gerais do catalogador
Criado por Fernando
Indexado por Fernando
990 ## - Elementos KOHA
Tipo de documento Livro
Exemplares
Situação do levantamento Biblioteca de origem Código de barras Cota Permissão de empréstimo Tipo de documento Forma de aquisição
  Biblioteca Municipal de Montemor-o-Novo 31184 821.111(73)-3 CLA|LG   Livro Oferta

Powered by Koha